Регионална библиотека "Любен Каравелов" - Русе

Избрана лирика (Запис номер 188695)

MARC детайли
000 -Лидер
Контролно поле с фиксирана дължина 01222nam a2200301 c 4500
003 - Код на организацията, давaща контролен номер
Контролно поле BLK
005 - Дата и час на последна редакция
Контролно поле 20180422115616.0
008 - Елементи от данни с фиксирана дължина
fixed length control field 180411b bul|||||r ||||||| ||bul||
010 ## - Наследен системен номер
LC control number KNG00197714000
040 ## - Източник на каталожния запис
Идентификатор на билиотеката - собственик на записа BLK
041 ## - Код за език
Код за езика на текст/звукозапис или на отделно заглавие Български
Код за езика КДБФ Български
080 ## - УДК
Текстов определител УДК Руска литература
УДК код - определител по УДК 821.161.1
УДК определител -1
УДК - код + определител 821.161.1-1
100 1# - Редна дума - Автор
Автор Цветаева, Марина Ивановна
Авторска отговорност първи автор
R(LIN) 370018
139 ## - Редно поле
Редна дума Цветаева, Марина Ивановна
Авторски знак Цвет - Ц 30
245 10 - Сведения за заглавието
Заглавие Избрана лирика
Редно поле (дума) Марина Ивановна Цветаева; подб. и прев. Иван Николов; с предг. от Евгений Михайлович Винокуров.
257 ## - Страна на издаване
Страна на създаване/издаване СССР
260 ## - Област на издателските данни
-- София
Име на издателя, разпространителя и проч. Нар. култура
Година на издаване 1972
300 ## - Физическа характеристика
Страници 184 с.
Размери/Мащаб 20 см
380 ## - Жанр
Жанр Худож. лит.
500 ## - Общи забележки
Забележка 6 100 тир.
700 1# - Други автори (авторска отговорност)
Лично име Николов, Иван
Автороска отговорност (Описва отношението между автора и произведението) подб. и прев.
Друга информация Иванов, Иван Николов
9 (RLIN) 364850
700 1# - Други автори (авторска отговорност)
Лично име Винокуров, Евгений Михайлович
Автороска отговорност (Описва отношението между автора и произведението) с предг. от
9 (RLIN) 384645
852 ## - Местоположение
Форматна сигнатура Цб 63104
856 4# - Електронен адрес и достъп
Електронен формат pdf - файл
Път до файла /url/
856 4# - Електронен адрес и достъп
Електронен формат pdf - файл
Път до файла /url/
942 ## - АРТИКУЛИ
Вид на библиотечния материал Книги
Скрит в OPAC Не
944 ## - СЪЗДАВАНЕ И РЕДАКЦИЯ на ЗАПИСА
Създаване/Редакция Създаване
Дата на регистрацията/редакция 09.12.2016
Служител, извършил регистрацията/редакцията Правда_Бадева
944 ## - СЪЗДАВАНЕ И РЕДАКЦИЯ на ЗАПИСА
Създаване/Редакция Редакция
Дата на регистрацията/редакция 09.12.2016
Служител, извършил регистрацията/редакцията Правда_Бадева
999 ## - СИСТЕМНИ КОНТРОЛНИ НОМЕРА
Koha biblionumber 188695
Koha biblioitemnumber 188695
Наличности
Код за отписване Код за изгубен артикул Източник на класификационната схема Код за повреда Коз за рестрикции Код за отдаване Артикулен № Име на библиотеката - собственик Име на библиотеката, в която се намира в момента Статус (Текущо местоположение) Дата на вписване в системата Местоположение - отдел Цена в лева Инвентарен номер Систематично азбучна сигнатура Баркод Номер на екземпляра Цена в евро Служебна бележка Служебен тип на артикула
  Не е изгубен Universal Decimal Classification Не е повреден само за читалня ползва се в читалня 331503 Регионална библиотека "Любен Каравелов" Русе Регионална библиотека "Любен Каравелов" Русе Хранилище 1972-01-01 Хранилище 1.26 118136 Цб 63104 120000118136 1 0.64 N: стар фонд Дата: 01.01.1972 Книги
Изтеглен Не е изгубен Universal Decimal Classification Не е повреден без рестрикции заемане за дома 331504 Регионална библиотека "Любен Каравелов" Русе Регионална библиотека "Любен Каравелов" Русе Заемна - подръчен фонд 1972-01-01 Заемна - подръчен фонд 1.26 117213 П 882-1/Ц 30 117213 2 0.64 N: стар фонд Дата: 01.01.1972 Дата инв: 09.02.2018 Бележки инв: П2018 Книги
Изтеглен Не е изгубен Universal Decimal Classification Не е повреден без рестрикции заемане за дома 331505 Регионална библиотека "Любен Каравелов" Русе Регионална библиотека "Любен Каравелов" Русе Заемна - подръчен фонд 1972-01-01 Заемна - подръчен фонд 1.26 117215 П 882-1/Ц 30 117215 3 0.64 N: стар фонд Дата: 01.01.1972 Дата инв: 19.02.2018 Бележки инв: П2018 Книги
Vip Innovations Ltd, Rousse, Bulgaria 2025